Guess the Noah Kahan song - Statistics

General Stats
  • This quiz has been taken 200 times
  • The average score is 217 of 371
Answer Stats
Answer % Correct
I
98%
i
98%
a
96%
the
93%
you
92%
me
87%
your
85%
an
84%
in
81%
when
81%
and
77%
do
77%
it
75%
there
73%
to
73%
so
72%
for
71%
every
69%
not
69%
was
69%
be
66%
Oh
65%
she
65%
time
65%
on
64%
back
61%
at
60%
have
60%
is
60%
but
59%
don't
59%
dont
59%
eyes
59%
calls
58%
could
58%
love
58%
Heaven
56%
heaven
56%
am
55%
baptized
54%
alright
52%
as
52%
Everythings
52%
everythings
52%
lie
51%
long
51%
that
51%
two
51%
look
50%
all
49%
why
49%
dial
48%
line
46%
Lost
46%
lost
46%
parallel
45%
still
45%
get
44%
im
44%
this
44%
up
44%
head
43%
die
40%
if
40%
I'll
40%
lines
40%
bad
39%
sacrifice
39%
hold
38%
tattoo
38%
of
37%
remind
37%
822
36%
bullshit
36%
does
36%
high
36%
live
36%
news
36%
obsessive?
36%
167
35%
993
35%
old
35%
awake
34%
edges?
33%
exist
33%
read
33%
restless?
33%
same
33%
saving
33%
town's
33%
towns
33%
left
32%
sentence
32%
while
32%
bite
31%
hanging
31%
too
31%
blank
30%
page
30%
or
25%
much
23%
sleep
23%
dream
22%
life
22%
most
20%
radio
20%
song
20%
minor
19%
nights
19%
only
19%
seeing
19%
should
19%
taunting
19%
oceans
18%
(yeah)
18%
key
17%
rivers
17%
dry
15%
freeze
15%
wake
15%
heart
14%
fall
13%
livin
13%
afraid
12%
asleep
12%
footsteps
12%
pain
12%
way
8%
saved
7%
No matching quizzes found
Score Distribution
Percent of People with Each Score
Percentile by Number Answered
Your Score History
You have not taken this quiz